000 00931cam a22002651i 4500
003 SA-RiAUC
005 20260204135218.0
008 260201s1996 sy g 000 0 ara c
020 _a1869844513
040 _aSA-JeALM
_bara
_cSA-RiAUC
_erda
050 1 4 _b.88 .N3954 1996
050 0 0 _bN39. 1996
082 0 4 _a306
090 _a306
_bن ي هـ
100 1 _aالنيهوم، الصادق،
_d1937-1994
_eمؤلف.
245 1 0 _aمحنة ثقافة مزورة :
_bصوت الناس أم صوت الفقهاء /
_cالصادق النيهوم.
250 _aالطبعة الثانية.
264 1 _aدمشق :
_bرياض الريس للكتب والنشر،
_c1996
300 _a218 صفحة
_c22 سم.
336 _aنص
_btxt
_2rdacontent
_3كتاب
337 _aبدون وسيط
_bn
_2rdamedia
650 7 _aالثقافة
_2aucsh
942 _2ddc
_cBOOK
_n0
949 _aSA-JeALM
_d260201
_uosman123
_n1
999 _c14235
_d14235